| 000 | 00356nam a22001457a 4500 | ||
|---|---|---|---|
| 003 | OSt | ||
| 008 | 250107b |||||||| |||| 00| 0 eng d | ||
| 041 | _aeng | ||
| 082 | _a631.3 | ||
| 100 |
_aSmith, Harrison Pearson AC _96827 |
||
| 245 | _aFarm Machinery and Equipment | ||
| 250 | _a6th | ||
| 260 |
_aNew Delhi: _bTata MC Graw Hill Publishing |
||
| 942 | _cBK | ||
| 999 |
_c18979 _d18979 |
||